[Event "BL2-W 9899"]
[Site "Germany"]
[Date "1998.10.18"]
[Round "1.1"]
[White "Chuchelov, Vladimir"]
[Black "Lautier, Joel"]
[Result "1/2-1/2"]
[WhiteElo "2540"]
[BlackElo "2640"]
[PlyCount "74"]
[EventDate "1998.10.??"]
[Source "ChessBase"]
[SourceDate "1999.02.01"]

1. Nf3 d5 2. g3 c5 3. Bg2 g6 4. c3 Bg7 5. d4 cxd4 6. cxd4 Nc6 7. Nc3 e6 8. Bg5 Nge7 9. Qd2 h6 10. Bxe7 Qxe7 11. Rc1 O-O 12. O-O Bd7 13. e3 Rac8 14. Ne1 b6 15. Nd3 Na5 16. Rc2 Qd6 17. b3 Rc7 18. Rfc1 Rfc8 19. Bf1 Be8 20. Ne1 Qd8 21. Ba6 Nb7 22. Nd3 Bf8 23. b4 Rb8 24. Nb5 Rxc2 25. Qxc2 Bxb5 26. Bxb5 Nd6 27. Ba6 Qe8 28. Qc7 Ra8 29. Rc6 Ne4 30. a3 Rd8 31. Bb5 Rd7 32. Qc8 Qxc8 33. Rxc8 Re7 34. Rc6 Nf6 35. Ba6 Ne8 36. Ne5 Rc7 37. Bd3 Bd6 1/2-1/2

[Event "RUS-Cup Final"]
[Site "?"]
[Date "1997.09.26"]
[Round "9"]
[White "Fedorov Alexei"]
[Black "Sherbakov Ruslan"]
[Result "1/2-1/2"]
[WhiteElo "2600"]
[BlackElo "2580"]
[PlyCount "36"]
[EventDate "1997.??.??"]
[Source "www.chesslib.no"]
[SourceDate "2004.05.04"]

1. e4 c5 2. d3 Nc6 3. g3 d5 4. Nd2 Nf6 5. Bg2 e6 6. Ngf3 Be7 7. O-O Qc7 8. Re1 b6 9. Nf1 dxe4 10. dxe4 Ba6 11. c3 O-O 12. Bf4 e5 13. Bg5 Rad8 14. Qc1 Ne8 15. Ne3 Bxg5 16. Nxg5 Ne7 17. Rd1 Nf6 18. Qc2 Bb7 1/2-1/2

[Event "Silivri 88/3"]
[Site "?"]
[Date "2003.??.??"]
[Round "?"]
[White "Nisipeanu, L._D."]
[Black "Volokitin, And"]
[Result "1-0"]
[WhiteElo "2606"]
[BlackElo "2572"]
[PlyCount "81"]
[EventDate "2003.??.??"]
[Source "Chess Informant"]
[SourceDate "2003.06.01"]

1. e4 c5 2. d3 Nc6 3. g3 g6 4. Bg2 Bg7 5. Nf3 Nf6 6. O-O d5 7. Nbd2 O-O 8. c3 e5 9. exd5 Nxd5 10. Re1 h6 11. Qa4 Qc7 12. Qc4 Be6 13. Qxc5 Rfd8 14. Qa3 b5 15. Ne4 Bf8 16. Nc5 Bf5 17. d4 exd4 18. Nxd4 Qb6 19. b4 Ndxb4 20. cxb4 Nxd4 21. Bb2 Rac8 22. Rac1 a5 23. Qe3 Bg7 24. bxa5 Qxa5 25. Nb7 Qxa2 26. Rxc8 Bxc8 27. Nxd8 Qxb2 28. Bd5 Kh7 29. Bxf7 Qb4 30. Rc1 Bd7 31. Ne6 Bxe6 32. Bxe6 Qd6 33. Ba2 Qd7 34. Qe4 b4 35. Rd1 Qa4 36. Rxd4 Bxd4 37. Bb1 Qd1+ 38. Kg2 Bg7 39. Qxg6+ Kg8 40. Qe6+ Kf8 41. Bg6 1-0

[Event "EUCup Gr3"]
[Site "Lubniewice"]
[Date "1994.??.??"]
[Round "1"]
[White "Morozevich, Alexander"]
[Black "Rozentalis, Eduardas"]
[Result "1/2-1/2"]
[WhiteElo "2575"]
[BlackElo "2595"]
[PlyCount "84"]
[EventDate "1994.??.??"]
[Source "ChessBase"]

1. e4 e6 2. d3 d5 3. Nd2 Nf6 4. Ngf3 b6 5. g3 c5 6. Bg2 Nc6 7. O-O Be7 8. Re1 Bb7 9. Qe2 Qc7 10. Nf1 dxe4 11. dxe4 O-O-O 12. e5 Nd7 13. h4 h6 14. N1h2 Ndb8 15. b3 Nb4 16. Rf1 Rd7 17. Bb2 Rhd8 18. a3 N4c6 19. Rfb1 Bf8 20. Ne1 Nd4 21. Bxb7+ Qxb7 22. Bxd4 Rxd4 23. Nef3 R4d7 24. Re1 Nc6 25. h5 Be7 26. Qe4 Nd4 27. Nxd4 Qxe4 28. Rxe4 cxd4 29. Nf3 d3 30. cxd3 Rxd3 31. Rf4 f5 32. b4 b5 33. Ne1 R3d5 34. Rf3 Rxe5 35. Rc1+ Kb7 36. Rfc3 Rd7 37. Nd3 Red5 38. Nf4 Rd1+ 39. Kg2 Rxc1 40. Rxc1 Rd6 41. Re1 Bf6 42. Nxe6 Kb6 1/2-1/2

[Event "New York 72/4"]
[Site "?"]
[Date "1998.??.??"]
[Round "?"]
[White "Yermolinsky, Alex"]
[Black "Luther, Thomas"]
[Result "1-0"]
[WhiteElo "2660"]
[BlackElo "2510"]
[PlyCount "77"]
[EventDate "1998.??.??"]
[Source "ChessBase"]
[SourceDate "1998.02.01"]

1. e4 e6 2. d3 d5 3. Nd2 c5 4. Ngf3 Nc6 5. g3 Bd6 6. Bg2 Nge7 7. O-O O-O 8. c3 Rb8 9. Qe2 Bc7 10. a3 a5 11. Rd1 a4 12. d4 cxd4 13. cxd4 Na5 14. Ne5 Nec6 15. Ndf3 Nb3 16. Nxc6 bxc6 17. Rb1 Rb6 18. Qc2 Ba6 19. Be3 Bb5 20. h4 Rb7 21. Ng5 h6 22. exd5 hxg5 23. dxc6 Rb8 24. hxg5 Qe7 25. Qe4 Be2 26. Re1 Bh5 27. Qh4 Bg6 28. Rbd1 Na5 29. d5 Rxb2 30. Qd4 Rc2 31. d6 Bxd6 32. Qxd6 Qxd6 33. Rxd6 Nc4 34. Rd7 Nxa3 35. Rc1 Nb5 36. Rxc2 Bxc2 37. Bf1 Nc3 38. c7 Nd5 39. Bc5 1-0

[Event "Vienna op 13th"]
[Site "Vienna"]
[Date "1998.10.30"]
[Round "6"]
[White "Ibragimov, Ildar"]
[Black "Golod, Vitali"]
[Result "1/2-1/2"]
[WhiteElo "2610"]
[BlackElo "2555"]
[PlyCount "56"]
[EventDate "1998.10.25"]
[Source "ChessBase"]
[SourceDate "1999.02.01"]

1. e4 c5 2. d3 Nc6 3. g3 d5 4. Nd2 Nf6 5. Bg2 g6 6. Ngf3 Bg7 7. O-O O-O 8. c3 e5 9. Qb3 d4 10. Nc4 Qe7 11. Bd2 dxc3 12. Bxc3 Ne8 13. Ne3 Nc7 14. Nd5 Qd8 15. Nd2 b6 16. Nc4 Be6 17. Nce3 Nd4 18. Qd1 Qd7 19. a4 Nxd5 20. exd5 Bh3 21. Bxh3 Qxh3 22. Bxd4 exd4 23. Nc4 Qf5 24. d6 Rfd8 25. f4 Bf8 26. Qf3 Rab8 27. g4 Qf6 28. f5 gxf5 1/2-1/2

[Event "Polanica Zdroj"]
[Site "?"]
[Date "1991.??.??"]
[Round "?"]
[White "Dolmatov, S."]
[Black "Lautier, J."]
[Result "1-0"]
[WhiteElo "2605"]
[BlackElo "2560"]
[PlyCount "91"]
[EventDate "1991.??.??"]
[Source "ChessBase"]
[SourceDate "1991.06.01"]

1. e4 c5 2. Nf3 e6 3. d3 Nc6 4. g3 d5 5. Nbd2 Bd6 6. Bg2 Nge7 7. O-O O-O 8. Nh4 b6 9. f4 dxe4 10. dxe4 Ba6 11. Re1 Bc7 12. c3 Bd3 13. e5 Qd7 14. Ne4 Rad8 15. Qg4 Bxe4 16. Bxe4 Ng6 17. Nf3 Nce7 18. Bc2 Nf5 19. Ng5 Rfe8 20. Qh5 Nh6 21. h4 b5 22. Kh2 b4 23. Qe2 Nf5 24. h5 Nf8 25. Ne4 Qc6 26. g4 Ne7 27. h6 Nd7 28. hxg7 Kxg7 29. Kg3 Ng6 30. Be3 bxc3 31. bxc3 Ndxe5 32. fxe5 Bxe5+ 33. Kh3 f5 34. Ng3 Kh8 35. Nh5 Bxc3 36. Bg5 Rb8 37. Rab1 Bxe1 38. Rxe1 c4 39. Bf6+ Kg8 40. Bc3 Kf7 41. Rf1 Qc5 42. Qd2 Qe7 43. Bxf5 Qh4+ 44. Kg2 Rbd8 45. Bxe6+ Ke7 46. Bb4+ 1-0

[Event "BL 0607 Hamburger SK - SG Köln Porz"]
[Site "Germania"]
[Date "2007.03.17"]
[Round "12.4"]
[White "Hansen, Sune Berg"]
[Black "Graf, Alexander"]
[Result "1-0"]
[WhiteElo "2561"]
[BlackElo "2601"]
[PlyCount "83"]
[EventDate "2006.10.28"]
[Source "www.chesslib.no"]
[SourceDate "2004.05.04"]

1. e4 e6 2. d3 d5 3. Nd2 c5 4. Ngf3 Nc6 5. g3 Bd6 6. Bg2 Nge7 7. O-O O-O 8. Nh4 Bd7 9. f4 f5 10. exd5 Nxd5 11. Nc4 Bc7 12. Nf3 b5 13. Ne3 Nb6 14. c3 Rc8 15. Nc2 Bd6 16. Be3 Nd5 17. Bf2 Nf6 18. Kh1 Ng4 19. Bg1 e5 20. fxe5 Ncxe5 21. Nxe5 Bxe5 22. d4 cxd4 23. Nxd4 Qe8 24. Nf3 Bb8 25. Re1 Qf7 26. Ng5 Qh5 27. Qxd7 Qxg5 28. Rad1 Kh8 29. Qe7 Qh5 30. Rd7 Rg8 31. Qf7 Qg5 32. Qe7 Nf6 33. Rdd1 Rge8 34. Qb4 f4 35. gxf4 Bxf4 36. Rxe8+ Rxe8 37. Qc5 Qh4 38. Rf1 Bb8 39. Qxb5 h5 40. Rxf6 Re1 41. Qxb8+ Kh7 42. Rf1 1-0

[Event "Tomsk 73/3"]
[Site "?"]
[Date "1998.??.??"]
[Round "?"]
[White "Morozevich, Alexander"]
[Black "Gleizerov, Evgeny"]
[Result "1-0"]
[WhiteElo "2625"]
[BlackElo "2535"]
[PlyCount "53"]
[EventDate "1998.??.??"]
[Source "ChessBase"]
[SourceDate "1998.06.01"]

1. e4 e6 2. d3 c5 3. Nf3 Nc6 4. c3 d5 5. Qe2 Nge7 6. g3 g6 7. Bg2 Bg7 8. O-O h6 9. h4 b6 10. Na3 Ba6 11. e5 Qc7 12. Re1 g5 13. hxg5 hxg5 14. Bxg5 Ng6 15. Qd1 Ngxe5 16. Nxe5 Bxe5 17. Qa4 Bb7 18. Nb5 Qb8 19. Rxe5 Qxe5 20. Bf4 Qe2 21. Nd6+ Kd7 22. Nxb7 Qxb2 23. Rc1 Rab8 24. Nd6 b5 25. Qd1 Rh7 26. Rc2 Qa3 27. Bxd5 1-0

[Event "Anibal Open ESP"]
[Site "?"]
[Date "2001.??.??"]
[Round "7"]
[White "Zhang Zhong"]
[Black "Vescovi, G."]
[Result "1-0"]
[WhiteElo "2635"]
[BlackElo "2525"]
[PlyCount "97"]
[EventDate "2001.??.??"]
[Source "www.chesslib.no"]
[SourceDate "2004.05.04"]

1. e4 c5 2. Nf3 e6 3. d3 Nc6 4. g3 d5 5. Qe2 Nge7 6. Bg2 g6 7. O-O Bg7 8. c3 b6 9. Re1 h6 10. h4 dxe4 11. dxe4 e5 12. Na3 O-O 13. Nh2 f5 14. Rd1 Ba6 15. Qc2 Qe8 16. Nb5 Bxb5 17. Qb3+ Kh7 18. Qxb5 f4 19. Qe2 Qf7 20. Bd2 Rad8 21. Be1 Rxd1 22. Qxd1 Rd8 23. Qa4 h5 24. Bf1 Bh6 25. Bc4 Qf6 26. Rd1 Rd6 27. Kg2 g5 28. hxg5 Bxg5 29. Nf3 Bh6 30. Bb5 Qe6 31. Qc2 Ng6 32. Rxd6 Qxd6 33. Qd2 Qf6 34. Qd7+ Nce7 35. Qxa7 fxg3 36. fxg3 Qe6 37. Be8 Kh8 38. Bxg6 Nxg6 39. Qa8+ Kg7 40. Qb7+ Kf6 41. Qh7 Bc1 42. Qxh5 Qxa2 43. Qf5+ Kg7 44. Qd7+ Kh6 45. Bd2+ Bxd2 46. Qxd2+ Kg7 47. Qd7+ Kh6 48. g4 Nf4+ 49. Kg3 1-0

[Event "Bled Open"]
[Site "Bled SLO"]
[Date "1995.??.??"]
[Round "6"]
[White "Psakhis, Lev B"]
[Black "Soffer, Ram"]
[Result "1-0"]
[WhiteElo "2625"]
[BlackElo "2535"]
[PlyCount "187"]
[EventDate "1995.03.??"]
[Source "www.chesslib.no"]
[SourceDate "2004.05.04"]

1. e4 c5 2. Nf3 e6 3. d3 Nc6 4. g3 d5 5. Qe2 Nge7 6. Bg2 g6 7. O-O Bg7 8. c3 b6 9. e5 Ba6 10. Re1 h6 11. h4 Nf5 12. Bf4 Qd7 13. Nbd2 Rc8 14. Nf1 Bb7 15. N1h2 Qe7 16. Ng4 Rd8 17. Qd2 Rh7 18. Rac1 Kf8 19. d4 c4 20. Bf1 Ke8 21. b3 Na5 22. b4 Nc6 23. Be2 Kd7 24. Bd1 Kc8 25. Bc2 Nb8 26. Kg2 Nd7 27. Rh1 h5 28. Ne3 Re8 29. Bg5 Qf8 30. Rce1 Kb8 31. Re2 Rc8 32. Rhe1 Bc6 33. Kg1 a6 34. Kf1 Ka7 35. Ng1 Rc7 36. Nh3 Bb7 37. Bd1 Ne7 38. Nf4 Qe8 39. Bc2 Rh8 40. Neg2 Rc8 41. Re3 Ng8 42. a4 Nh6 43. Kg1 Ng4 44. R3e2 Rc7 45. Qd1 Nh6 46. Nh3 Ng8 47. Ngf4 Nh6 48. Qb1 Nf8 49. Ng2 Ng8 50. b5 a5 51. f3 Nh6 52. Kf2 Nd7 53. Qc1 Bc8 54. Rg1 Qf8 55. Nhf4 Qe8 56. Nh3 Qf8 57. Ngf4 Qe8 58. Ke1 Nf5 59. Kd1 Rh7 60. Qd2 Qh8 61. Qe1 Bf8 62. Kc1 Bg7 63. Kb1 Bb7 64. Rh1 Nxe5 65. dxe5 d4 66. Bxf5 gxf5 67. cxd4 Bxf3 68. Rf1 Bxe2 69. Nxe2 Qf8 70. Qc3 Qa8 71. Nhf4 Bf8 72. Qf3 Qc8 73. Nc3 Bb4 74. Kc2 Rh8 75. Rd1 Rd7 76. Bf6 Rg8 77. Nxh5 Qf8 78. Bg5 Rc7 79. Nf6 Rh8 80. d5 Qa8 81. Qe3 Bc5 82. Qe2 exd5 83. Nfxd5 Rb7 84. h5 Qg8 85. Bf4 Qh7 86. Nf6 Qg7 87. Rd7 Rhb8 88. Rxb7+ Rxb7 89. h6 Qh8 90. h7 Bf8 91. Ncd5 Bg7 92. Qxc4 Qf8 93. Kb3 Qd8 94. Be3 1-0

[Event "Bonn GSK"]
[Site "Bonn"]
[Date "1994.??.??"]
[Round "7"]
[White "Kengis, Edvins"]
[Black "Dokhoian, Yury"]
[Result "1-0"]
[WhiteElo "2565"]
[BlackElo "2590"]
[PlyCount "109"]
[EventDate "1994.??.??"]
[Source "ChessBase"]

1. Nf3 d5 2. g3 c5 3. Bg2 Nc6 4. O-O e5 5. d3 Be7 6. e4 d4 7. a4 Bg4 8. h3 Be6 9. Na3 Qd7 10. Nc4 f6 11. Kh2 Bd8 12. Ne1 Bc7 13. f4 exf4 14. Bxf4 O-O-O 15. Qh5 g5 16. Bxc7 Qxc7 17. e5 Nxe5 18. Nxe5 Qxe5 19. Nf3 Qc7 20. Nd2 Bf7 21. Qf3 Bd5 22. Ne4 h5 23. Kg1 Rh7 24. Rae1 Kb8 25. Qf5 Rf7 26. Qg6 Ne7 27. Qxh5 f5 28. Kh2 g4 29. Ng5 Rf6 30. Bxd5 Nxd5 31. Ne6 Qa5 32. Nxd8 Qd2+ 33. Kg1 Ne3 34. Rxe3 Qxe3+ 35. Kg2 Qe2+ 36. Kg1 Qe3+ 37. Kg2 Qe2+ 38. Rf2 gxh3+ 39. Qxh3 Qe7 40. Qh4 Kc8 41. Qg5 Kxd8 42. Rxf5 Rxf5 43. Qxf5 Qe2+ 44. Qf2 Qd1 45. Qf8+ Kd7 46. Qxc5 Qe2+ 47. Kh3 Qf1+ 48. Kh4 Qh1+ 49. Kg5 Qc1+ 50. Kg6 Qxb2 51. Qb5+ Qxb5 52. axb5 a5 53. bxa6 bxa6 54. Kf5 Kd6 55. Ke4 1-0

[Event "Cup Yug M 2002"]
[Site "?"]
[Date "2002.05.18"]
[Round "6"]
[White "Ivanisevic Ivan"]
[Black "Fressinet Lourent"]
[Result "1-0"]
[WhiteElo "2547"]
[BlackElo "2606"]
[PlyCount "67"]
[EventDate "2002.??.??"]
[Source "www.chesslib.no"]
[SourceDate "2004.05.04"]

1. Nf3 d5 2. g3 g6 3. Bg2 Bg7 4. O-O c5 5. d3 e6 6. e4 Nc6 7. Qe2 Nge7 8. c3 b6 9. Re1 Ba6 10. e5 h6 11. h4 Qc7 12. Na3 Rd8 13. Bd2 Qb8 14. b4 cxb4 15. cxb4 b5 16. d4 Nf5 17. Nc2 Rc8 18. Qd3 Qb6 19. Bf1 O-O 20. Rac1 Nb8 21. g4 Ne7 22. Na1 Rc4 23. Nb3 Nbc6 24. a3 Bc8 25. Bh3 Kh8 26. Kh2 Qc7 27. Kh1 Nb8 28. h5 g5 29. Bxg5 Nbc6 30. Bd2 Ng8 31. g5 Nce7 32. Nc5 Nf5 33. Bxf5 exf5 34. Rg1 1-0

[Event "RUS Ch m1-2"]
[Site "?"]
[Date "1997.05.25"]
[Round "3.1"]
[White "Morozevich Alexander"]
[Black "Fominyh Alexander"]
[Result "1-0"]
[WhiteElo "2595"]
[BlackElo "2545"]
[PlyCount "89"]
[EventDate "1997.??.??"]
[Source "www.chesslib.no"]
[SourceDate "2004.05.04"]

1. e4 c5 2. Nf3 e6 3. d3 Nc6 4. g3 d5 5. Qe2 Nge7 6. Bg2 g6 7. O-O Bg7 8. c3 b6 9. Na3 Ba6 10. e5 b5 11. Nc2 b4 12. cxb4 cxb4 13. b3 O-O 14. Bb2 Rc8 15. a3 bxa3 16. Rxa3 Qb6 17. Rfa1 Bb7 18. Ne3 Kh8 19. Qd1 Qc7 20. Rc1 Qb8 21. d4 Nb4 22. Bf1 h6 23. Rxc8 Rxc8 24. Qd2 Nbc6 25. Ra4 a5 26. Bc3 Ba8 27. b4 axb4 28. Bxb4 Nxb4 29. Qxb4 Bf8 30. Qxb8 Rxb8 31. h4 Bc6 32. Ra7 Kg7 33. Rc7 Ba4 34. Ra7 Rb4 35. Kg2 h5 36. Bd3 Bb3 37. Bc2 Bc4 38. Nxc4 dxc4 39. Be4 Kg8 40. Rc7 Nd5 41. Bxd5 exd5 42. Ng5 Rb2 43. Nxf7 c3 44. Ng5 c2 45. Rc8 1-0

[Event "Petrosian Memorial"]
[Site "Erevan ARM"]
[Date "1994.??.??"]
[Round "?"]
[White "Anastasian, Ashot"]
[Black "Lputian, Smbat G"]
[Result "1-0"]
[WhiteElo "2545"]
[BlackElo "2590"]
[PlyCount "77"]
[EventDate "1994.??.??"]
[Source "www.chesslib.no"]
[SourceDate "2004.05.04"]

1. g3 d5 2. Bg2 c5 3. Nf3 Nc6 4. O-O Nf6 5. d4 Bg4 6. c4 Bxf3 7. Bxf3 Nxd4 8. Bg2 e6 9. Nc3 Be7 10. e3 Nc6 11. cxd5 exd5 12. Nxd5 Nxd5 13. Bxd5 Qc7 14. Bd2 O-O 15. Bc3 Kh8 16. Qh5 f5 17. Be6 Bf6 18. Bxf5 g6 19. Bxg6 Bxc3 20. bxc3 Ne5 21. Be4 Rae8 22. Rad1 Qg7 23. Rd5 Nd7 24. Rg5 Qe7 25. Bb1 b6 26. Rf5 Qg7 27. Rxf8+ Rxf8 28. Rd1 Ne5 29. Be4 Ng4 30. Bf3 Ne5 31. Be2 Qf6 32. f4 Nf7 33. Rd7 Qe6 34. Bd3 h6 35. Qg6 Qxg6 36. Bxg6 Nd8 37. e4 Nc6 38. e5 Rd8 39. Rxd8+ 1-0

[Event "Hofmann Cup"]
[Site "Baden-Baden GER"]
[Date "1995.??.??"]
[Round "4"]
[White "Kindermann, Stefan E S"]
[Black "Luther, Thomas"]
[Result "0-1"]
[WhiteElo "2585"]
[BlackElo "2550"]
[PlyCount "46"]
[EventDate "1995.??.??"]
[Source "www.chesslib.no"]
[SourceDate "2004.05.04"]

1. e4 e6 2. d3 d5 3. Nd2 c5 4. Ngf3 Nc6 5. g3 Bd6 6. Bg2 Nge7 7. O-O O-O 8. Nh4 b5 9. f4 Bb7 10. f5 Be5 11. exd5 Bd4+ 12. Kh1 Nxd5 13. Ne4 Qe7 14. c3 Bf6 15. Nxf6+ Nxf6 16. fxe6 fxe6 17. Qe2 Rad8 18. Bg5 Qd7 19. Rac1 e5 20. Qf2 Na5 21. Qxc5 Bxg2+ 22. Kxg2 Ne4 23. Qe7 Nxg5 0-1

[Event "34. Olympiad"]
[Site "?"]
[Date "2000.11.10"]
[Round "13"]
[White "Grischuk Alexander"]
[Black "Emms John M"]
[Result "1/2-1/2"]
[WhiteElo "2606"]
[BlackElo "2527"]
[PlyCount "25"]
[EventDate "2000.??.??"]
[Source "www.chesslib.no"]
[SourceDate "2004.05.04"]

1. e4 c5 2. Nf3 e6 3. d3 Nc6 4. g3 Nge7 5. c3 d5 6. Qe2 g6 7. Bg2 Bg7 8. O-O b6 9. Na3 Ba6 10. e5 O-O 11. Nc2 Qc7 12. Re1 Rad8 13. Bg5 1/2-1/2

[Event "Madrid"]
[Site "Madrid"]
[Date "1973.??.??"]
[Round "13"]
[White "Calvo Minguez, Ricardo"]
[Black "Karpov, Anatoly"]
[Result "0-1"]
[WhiteElo "2470"]
[BlackElo "2660"]
[PlyCount "70"]
[EventDate "1973.??.??"]
[Source "ChessBase"]

1. e4 c5 2. Nf3 e6 3. d3 Nc6 4. g3 d5 5. Nbd2 Bd6 6. Bg2 Nge7 7. O-O O-O 8. Re1 Qc7 9. b3 Bd7 10. Bb2 d4 11. Nc4 e5 12. a4 b6 13. Qd2 f6 14. h4 Qb8 15. Ba3 Bc7 16. Reb1 Be6 17. Kh2 Qc8 18. Qe2 Bg4 19. Qf1 f5 20. Ncd2 f4 21. Bh3 h5 22. Qg2 Ng6 23. Ng5 Bd8 24. Ngf3 Be7 25. Rg1 Qe6 26. Raf1 Rf7 27. Rh1 Raf8 28. Kg1 Qd6 29. Kh2 a6 30. Kg1 Rf6 31. Bxg4 hxg4 32. Ng5 f3 33. Qh2 Nh8 34. Rc1 Rh6 35. Nc4 Qc7 0-1

[Event "Bulgarie (championnat equipes)"]
[Site "?"]
[Date "2003.11.10"]
[Round "8"]
[White "Chatalbashev Boris"]
[Black "Georgiev Vladimir"]
[Result "1/2-1/2"]
[WhiteElo "2534"]
[BlackElo "2596"]
[PlyCount "26"]
[EventDate "2003.??.??"]
[Source "www.chesslib.no"]
[SourceDate "2004.05.04"]

1. Nf3 d5 2. g3 c5 3. Bg2 Nc6 4. O-O e5 5. d3 Bd6 6. Nc3 Nge7 7. Nh4 d4 8. Ne4 O-O 9. c3 Nf5 10. Nxf5 Bxf5 11. Qb3 Rb8 12. f4 Bg4 13. f5 Bxe2 1/2-1/2

[Event "2nd IECC, Ohrid MKD"]
[Site "?"]
[Date "2001.??.??"]
[Round "3"]
[White "Piket, Je"]
[Black "Zelcic, R."]
[Result "1-0"]
[WhiteElo "2625"]
[BlackElo "2500"]
[PlyCount "79"]
[EventDate "2001.??.??"]
[Source "www.chesslib.no"]
[SourceDate "2004.05.04"]

1. Nf3 Nf6 2. g3 d5 3. Bg2 e6 4. O-O c5 5. d3 Nc6 6. Nbd2 d4 7. a4 Bd6 8. Nc4 Bc7 9. c3 O-O 10. Bg5 h6 11. Bxf6 Qxf6 12. Nfd2 Bd7 13. cxd4 cxd4 14. Qb3 Rab8 15. Qa3 a5 16. Ne4 Qg6 17. Nc5 Bc8 18. Na6 bxa6 19. Bxc6 Rb4 20. Rfc1 e5 21. Bd5 Bd7 22. b3 Rfb8 23. Qa2 Kh8 24. Qc2 Bg4 25. Ra2 Qh5 26. Nd2 Bd8 27. Ne4 Qg6 28. Qc6 Be6 29. Bxe6 fxe6 30. Qxa6 Rxb3 31. Kg2 Kh7 32. Qd6 Qf5 33. Rc5 Bf6 34. Rxa5 R3b6 35. Nxf6+ gxf6 36. Ra7+ Kh8 37. Qd7 Qg6 38. Rc2 e4 39. a5 exd3 40. Rc8+ 1-0

[Event "Najdorf"]
[Site "Buenos Aires"]
[Date "1997.05.24"]
[Round "5"]
[White "Wolff, Patrick G"]
[Black "Spangenberg, Hugo"]
[Result "1-0"]
[WhiteElo "2575"]
[BlackElo "2550"]
[PlyCount "109"]
[EventDate "1997.05.19"]
[Source "ChessBase"]
[SourceDate "1997.10.13"]

1. e4 c5 2. Nf3 e6 3. d3 d5 4. Nbd2 Nc6 5. g3 Bd6 6. Bg2 Nge7 7. O-O O-O 8. Nh4 b5 9. f4 f6 10. Kh1 c4 11. Ndf3 dxe4 12. dxe4 e5 13. a4 b4 14. Nf5 Bc5 15. Nxe7+ Bxe7 16. Qd5+ Qxd5 17. exd5 Na5 18. Nxe5 Bf5 19. d6 Bxd6 20. Bd5+ Kh8 21. Bxa8 fxe5 22. fxe5 Bxc2 23. Bg5 Rxa8 24. exd6 h6 25. Be7 Nc6 26. Rae1 Bxa4 27. Rf4 Bb5 28. d7 Kh7 29. d8=Q Rxd8 30. Bxd8 Nxd8 31. Re5 a6 32. Kg1 c3 33. Rxb4 Nc6 34. Rbxb5 axb5 35. Rc5 cxb2 36. Rxb5 Ne5 37. Rxb2 Kg6 38. Kg2 Kf5 39. Rf2+ Kg4 40. h3+ Kg5 41. g4 Kg6 42. Kg3 Nd7 43. Rd2 Nf8 44. Kf4 Ne6+ 45. Ke5 Ng5 46. Rd6+ Kh7 47. Rd3 Kg6 48. h4 Nh7 49. Rd7 Nf6 50. Rd6 Kf7 51. Kf5 g6+ 52. Kf4 Ke7 53. Ra6 Kf7 54. Ra7+ Ke6 55. g5 1-0

[Event "Pamplona ESP"]
[Site "?"]
[Date "1996.??.??"]
[Round "?"]
[White "Ljubojevic Ljubomir"]
[Black "De la Villa Garcia Jesus M"]
[Result "1/2-1/2"]
[WhiteElo "2600"]
[BlackElo "2525"]
[PlyCount "93"]
[EventDate "1996.??.??"]
[Source "www.chesslib.no"]
[SourceDate "2004.05.04"]

1. e4 e6 2. d3 d5 3. Nd2 c5 4. Ngf3 Nc6 5. g3 Bd6 6. Bg2 Nge7 7. O-O O-O 8. Re1 f6 9. c3 Bd7 10. a3 a5 11. d4 cxd4 12. exd5 exd5 13. Nxd4 Nxd4 14. cxd4 Qb6 15. Nb1 Rad8 16. Nc3 Kh8 17. Qd3 Rfe8 18. h3 Nf5 19. Rd1 Ne7 20. Be3 Qxb2 21. Rab1 Qxa3 22. Bc1 Bf5 23. Bxa3 Bxd3 24. Bxd6 Bxb1 25. Bxe7 Rxe7 26. Rxb1 Rc7 27. Nxd5 Rc4 28. Rxb7 Rxd4 29. Ra7 Rd1+ 30. Kh2 Rd2 31. Rxa5 Rxf2 32. g4 Rd2 33. Kg3 Rb2 34. Bf3 Rb3 35. h4 Rbb8 36. Nf4 Rd7 37. h5 Rc7 38. Ra3 Rbc8 39. Ra6 h6 40. Bd5 Re8 41. Ne6 Rd7 42. Be4 Kg8 43. Kf4 Rc8 44. Kf5 Kh7 45. Ra5 Re7 46. Ra1 Rb8 47. Ra6 1/2-1/2

[Event "SUI-GP Wohlen"]
[Site "Wohlen"]
[Date "1993.??.??"]
[Round "4"]
[White "Gavrikov, Viktor N"]
[Black "Baburin, Alexander E"]
[Result "1/2-1/2"]
[WhiteElo "2575"]
[BlackElo "2550"]
[PlyCount "43"]
[EventDate "1993.??.??"]
[Source "www.chesslib.no"]
[SourceDate "2004.05.04"]

1. g3 d5 2. Bg2 Nf6 3. d3 g6 4. Nf3 Bg7 5. O-O O-O 6. Nbd2 c5 7. e4 Nc6 8. Re1 h6 9. c3 e5 10. Qb3 dxe4 11. dxe4 Qc7 12. Nc4 Be6 13. Qb5 b6 14. Nfd2 Rfd8 15. Ne3 Na5 16. Qf1 c4 17. f4 exf4 18. gxf4 Rac8 19. e5 Nd5 20. Ne4 Nb7 21. Qf3 Nc5 22. Nxc5 1/2-1/2

[Event "68th ch-ARM"]
[Site "Yerevan ARM"]
[Date "2008.01.10"]
[Round "3"]
[White "Minasian, Art"]
[Black "Kotanjian, T."]
[Result "1-0"]
[WhiteElo "2578"]
[BlackElo "2545"]
[PlyCount "67"]
[EventDate "2008.01.08"]
[Source "www.chesslib.no"]
[SourceDate "2004.05.04"]

1. e4 c5 2. Nf3 e6 3. d3 Nc6 4. g3 Nf6 5. Bg2 d5 6. Nbd2 b6 7. O-O Bb7 8. Re1 Be7 9. e5 Nd7 10. Nf1 Qc7 11. Bf4 h6 12. h4 O-O-O 13. c3 d4 14. cxd4 cxd4 15. N1d2 Nc5 16. Ne4 Nxe4 17. Rxe4 Kb8 18. Rc1 Qd7 19. a3 Qd5 20. b4 a5 21. bxa5 Qxa5 22. Rb1 Qa6 23. Re2 Bc5 24. Rc2 Kc7 25. Nd2 Qxd3 26. Rb3 Qa6 27. Ne4 Rd5 28. Nd6 Na5 29. Rd3 Rxd6 30. exd6+ Kd7 31. Bxb7 Qxb7 32. Rxd4 Nc6 33. Rd3 g5 34. Qh5 1-0

[Event "Moscow ol (Men)"]
[Site "Moscow"]
[Date "1994.??.??"]
[Round "7"]
[White "Yurtaev, Leonid"]
[Black "Gulko, Boris F"]
[Result "1-0"]
[WhiteElo "2530"]
[BlackElo "2590"]
[PlyCount "55"]
[EventDate "1994.11.??"]
[Source "ChessBase"]

1. e4 e6 2. d3 c5 3. Nf3 Nc6 4. g3 d5 5. Nbd2 Nge7 6. Bg2 g6 7. O-O Bg7 8. Re1 b6 9. c3 Bb7 10. e5 g5 11. Nxg5 Nxe5 12. Ndf3 N5g6 13. d4 h6 14. Nh3 Qd7 15. a4 Nc6 16. Nf4 Nxf4 17. Bxf4 Ba6 18. a5 Qb7 19. axb6 axb6 20. dxc5 bxc5 21. Qxd5 O-O 22. Qxc5 Qb5 23. Qe3 Qxb2 24. Rab1 Qc2 25. Bxh6 Bxh6 26. Qxh6 Rab8 27. Rbc1 Qf5 28. Nh4 1-0

[Event "RUS-Cup3"]
[Site "Omsk"]
[Date "1996.??.??"]
[Round "5"]
[White "Fedorov, Alexei"]
[Black "Filippov, Valerij"]
[Result "0-1"]
[WhiteElo "2555"]
[BlackElo "2565"]
[PlyCount "114"]
[EventDate "1996.12.13"]
[Source "ChessBase"]
[SourceDate "1997.04.10"]

1. e4 c5 2. Nf3 e6 3. d3 Nc6 4. g3 g6 5. Bg2 Bg7 6. O-O Nge7 7. c3 d5 8. Qe2 O-O 9. e5 h6 10. h4 f5 11. d4 b6 12. Bf4 Kh7 13. Qe3 Ba6 14. Rc1 Rc8 15. Nbd2 Na5 16. h5 gxh5 17. Nh4 Bb5 18. Bf3 Nc4 19. Nxc4 dxc4 20. Rd1 Nd5 21. Bxd5 Qxd5 22. dxc5 Qxc5 23. Qe2 Qe7 24. Qxh5 Qf7 25. Qxf7 Rxf7 26. Rd6 Re7 27. Nf3 Bd7 28. Rad1 Rc7 29. Nd4 Kg8 30. Kg2 Kf7 31. f3 Be8 32. Kh3 Rc5 33. Re1 Rcc7 34. g4 fxg4+ 35. Kxg4 Kg8 36. Kh4 Bd7 37. Bh2 Bf8 38. f4 Rg7 39. f5 exf5 40. e6 Be7+ 41. Kh3 Bc8 42. Rd5 Rc5 43. Rxf5 Rg6 44. Ree5 Rxe5 45. Rxe5 Bf6 46. Re4 Bxd4 47. Rxd4 Bxe6+ 48. Kh4 Rg2 49. Bf4 Kg7 50. Bd2 b5 51. Rd6 Kf6 52. Be3 Rxb2 53. Ra6 Kf5 54. Bc5 Rd2 55. a3 Rd3 56. a4 b4 57. cxb4 Kf6 0-1